000 00612nam a22002297a 4500
003 Ost
005 20260312075437.0
008 260312b |||||||| |||| 00| 0 eng d
020 _a9780470963050
040 _cBT-PhCST
050 _a25742-25743
082 _222
_a627
_bBRO
100 _a Brooks, Kenneth N.
245 _aHydrology and the management of watersheds /
250 _a4th ed.
260 _aIndia :
_bWiley-Blackwell,
_cc2003.
300 _axv, 533 p. :
_bill. ;
_c25 cm.
500 _aIncludes index.
700 _aFfolliott, Peter F.
700 _aMagner, Joseph A.
942 _2ddc
_cWRE
999 _c10190
_d10190